| 000 | 01275nam a22002297a 4500 | ||
|---|---|---|---|
| 008 | 220708s2006 sp ||||er|||| 00| f spa d | ||
| 020 | _a9788467255690 | ||
| 040 |
_aCO-JMCR _dCO-JMCR |
||
| 041 | 1 |
_aspa _heng |
|
| 082 |
_aA-N _bPANo |
||
| 100 | 1 |
_aPancol, Katherine _eautora _942127 |
|
| 245 |
_aLos ojos amarillos de los cocodrilos / _cKatherine Pancol ; traducción de Juan Carlos Durán Romero |
||
| 260 |
_aBarcelona, España : _bCirculos de kectores, _c2006. |
||
| 300 |
_a549 páginas ; _c23 cm. |
||
| 520 | 0 | _aLos papeles de las dos hermanas siempre han estado claros: Joséphine, la modélica madre de clase media, e Iris, la exuberante esposa-trofeo de un triunfador. Pero ahora ambas se hallan en un callejón sin salida, y les tocará llegar a un acuerdo para cambiar el guión. Una gran representación ante sus propias familias y amigos que, aunque ba sada en una gran mentira, acabará sacando a la luz la verdadera mujer que cada una de ellas lleva dentro. | |
| 650 | 1 | 4 | _942128 |
| 650 | 2 | 4 | _942129 |
| 650 | 2 | 4 | _942130 |
| 650 | 2 | 4 | _942131 |
| 700 | 1 |
_aDurán Romero, Juan Carlos _942132 |
|
| 999 |
_c29519 _d15903 |
||